000
00269nam a22000977a 4500
999
_c
11596
_d
11596
008
190805b ||||| |||| 00| 0 eng d
020
_a
9788192088822
100
_a
Boyer Crispin
_9
7305
245
_a
Why Answers to Everything
260
_a
New Delhi
_b
National Geographic
_c
2018